| 000 | 00366nam a22001577a 4500 | ||
|---|---|---|---|
| 005 | 20160616112356.0 | ||
| 008 | 160616b xxu||||| |||| 00| 0 eng d | ||
| 020 | _a81-203-2633-4 | ||
| 041 | _aeng | ||
| 082 | _b7937 | ||
| 100 |
_aAltekar, rahul V _91944 |
||
| 245 | _aEnterprise wide resource planning | ||
| 260 | _bPHI | ||
| 650 |
_aManagement _9241 |
||
| 942 | _cBK | ||
| 999 |
_c2906 _d2905 |
||